| Tag |
First Indicator |
Second Indicator |
Subfields |
| LEADER |
00000cam a22000008i 4500 |
| 001 |
in00005617921 |
| 006 |
m o d |
| 007 |
cr ||||||||||| |
| 008 |
240315s2024 nyu ob 001 0 eng |
| 005 |
20250218182656.7 |
| 010 |
|
|
|a 2024006169
|
| 035 |
|
|
|a (OCoLC)on1428040196
|
| 040 |
|
|
|a DLC
|b eng
|e rda
|c DLC
|d OCLCO
|d BLOOM
|
| 020 |
|
|
|a 9798765107768
|q (pdf)
|
| 020 |
|
|
|z 9798765107737
|q (hardback)
|
| 020 |
|
|
|a 9798765107751
|q (ebook)
|
| 020 |
|
|
|z 9798765107744
|q (paperback)
|
| 035 |
|
|
|a (OCoLC)1428040196
|
| 042 |
|
|
|a pcc
|
| 050 |
0 |
0 |
|a PN56.T7
|
| 082 |
0 |
0 |
|a 809/.9332
|2 23/eng/20240326
|
| 049 |
|
|
|a TXAM
|
| 100 |
1 |
|
|a Müller, Eva-Maria
|c (English and American studies scholar),
|e author.
|
| 245 |
1 |
0 |
|a Rewriting alpine orientalism :
|b postcolonial readings in Canadian and Austrian mountain tourism /
|c Eva-Maria Müller.
|
| 263 |
|
|
|a 2410
|
| 264 |
|
1 |
|a New York :
|b Bloomsbury Academic,
|c 2024.
|
| 300 |
|
|
|a 1 online resource
|
| 336 |
|
|
|a text
|b txt
|2 rdacontent
|
| 337 |
|
|
|a computer
|b c
|2 rdamedia
|
| 338 |
|
|
|a online resource
|b cr
|2 rdacarrier
|
| 500 |
|
|
|a Originally presented as the author's thesis (doctoral) - University of Giessen, 2020.
|
| 504 |
|
|
|a Includes bibliographical references and index.
|
| 520 |
|
|
|a "Tracing Orientalist and colonial legacies in mountain travel across times, genres and geographies, this book illustrates the modes of writing and resisting that constitute 'Alpine Orientalism' since the 19th century. Müller examines Orientalist discourse through a wide range of mountain texts, such as exploration reports, newspaper articles, guidebooks, diaries, letters and contemporary works of fiction from Angie Abdou, Thomas Wharton, Elfriede Jelinek, and Felix Mitterer. Exploring how meaning about mountains is articulated, generated and contested within the global circuits of mountain tourism, this study enhances our understanding of the role of representation in changing the social real of alpine spaces"--
|c Provided by publisher.
|
| 588 |
|
|
|a Description based on print version record and CIP data provided by publisher; resource not viewed.
|
| 650 |
|
0 |
|a Travelers' writings
|x History and criticism.
|
| 650 |
|
0 |
|a Travel in literature.
|
| 650 |
|
0 |
|a Mountains in literature.
|
| 650 |
|
0 |
|a Postcolonialism in literature.
|
| 650 |
|
0 |
|a Canadian fiction
|x History and criticism.
|
| 650 |
|
0 |
|a Austrian fiction
|x History and criticism.
|
| 650 |
|
6 |
|a Écrits de voyageurs
|x Histoire et critique.
|
| 650 |
|
6 |
|a Voyage dans la littérature.
|
| 650 |
|
6 |
|a Montagnes dans la littérature.
|
| 650 |
|
6 |
|a Postcolonialisme dans la littérature.
|
| 650 |
|
6 |
|a Roman autrichien
|x Histoire et critique.
|
| 650 |
|
7 |
|a Literary studies: from c 1900 -
|2 bicssc
|
| 650 |
|
7 |
|a Literary studies: post-colonial literature.
|2 bicssc
|
| 650 |
|
7 |
|a Literary theory.
|2 bicssc
|
| 655 |
|
7 |
|a Electronic books.
|2 local
|
| 655 |
|
7 |
|a Literary criticism.
|2 lcgft
|
| 655 |
|
7 |
|a Critiques littéraires.
|2 rvmgf
|
| 776 |
0 |
8 |
|i Print version:
|a Müller, Eva-Maria
|t Rewriting alpine orientalism
|d New York : Bloomsbury Academic, 2024
|z 9798765107737
|w (DLC) 2024006168
|
| 856 |
4 |
0 |
|u http://proxy.library.tamu.edu/login?url=https://doi.org/10.5040/9798765107775?locatt=label:secondary_bloomsburyCollections
|z Connect to the full text of this electronic book
|t 0
|
| 955 |
|
|
|a Bloosmbury Open Access
|
| 994 |
|
|
|a 92
|b TXA
|
| 999 |
f |
f |
|s 6244195a-5322-4b38-91d3-da3dfafae82c
|i 43eb87d2-511f-47dd-af7c-d5b5d396561b
|t 0
|
| 952 |
f |
f |
|a Texas A&M University
|b College Station
|c Electronic Resources
|d Available Online
|t 0
|e PN56.T7
|h Library of Congress classification
|
| 998 |
f |
f |
|a PN56.T7
|t 0
|l Available Online
|